000
00342nam a2200133 a 4500
001
4140
005
20140414131953.0
008
090218s19uu xx 00 eng d
050
_a
TR 428.4
_b
M11P 2004
100
_a
Mah, May S. M.
245
_a
Pop and his dog & in the fox in the box, series 1-Book 4.
999
_c
112833
_d
112833